=LDR 00000nam 2200000 4500 =001 INLIS000000000041457 =005 20130612151006 =008 ***********************************ind** =035 ##$$0010-061300000041457 =041 ##$$a ind =082 ##$$a 746 =090 ##$$a 746, War m.4 =100 ##$$a Wardana, Enen =245 ##$$a Membuat Aneka Kerajinan Dari Kain Perca, Enen Wardana =260 ##$$a 2000 $b Jakarta =300 ##$$a 62 hlm, ilus, 23 cm =850 ##$$a NBPNMAT